English to Spanish - American & Oceanic Countries - Statistics

General Stats
  • This quiz has been taken 11 times
  • The average score is 41 of 49
Answer Stats
English Spanish % Correct
Argentina Argentina
100%
Australia Australia
100%
Bahamas Bahamas
100%
Barbados Barbados
100%
Bolivia Bolivia
100%
Brazil Brasil
100%
Canada Canadá
100%
Chile Chile
100%
Colombia Colombia
100%
Costa Rica Costa Rica
100%
Cuba Cuba
100%
Dominica Dominica
100%
Ecuador Ecuador
100%
El Salvador El Salvador
100%
Grenada Granada
100%
Guatemala Guatemala
100%
Guyana Guyana
100%
Haiti Haití
100%
Honduras Honduras
100%
Marshall Islands Islas Marshall
100%
Jamaica Jamaica
100%
Kiribati Kiribati
100%
Mexico México
100%
Micronesia Micronesia
100%
Nauru Nauru
100%
Nicaragua Nicaragua
100%
Panama Panamá
100%
Paraguay Paraguay
100%
Peru Perú
100%
Samoa Samoa
100%
Suriname Surinam
100%
Tonga Tonga
100%
Tuvalu Tuvalu
100%
Uruguay Uruguay
100%
Vanuatu Vanuatu
100%
Venezuela Venezuela
100%
Antigua and Barbuda Antigua y Barbuda
67%
United States Estados Unidos
67%
Papua New Guinea Papúa Nueva Guinea
67%
Dominican Republic República Dominicana
67%
Saint Lucia Santa Lucía
67%
Trinidad and Tobago Trinidad y Tobago
67%
Belize Belice
33%
Fiji Fiyi
33%
Solomon Islands Islas Salomón
0%
New Zealand Nueva Zelanda
0%
Palau Palaos
0%
Saint Kitts and Nevis San Cristóbal y Nieves
0%
Saint Vincent and the Grenadines San Vicente y las Granadinas
0%
No matching quizzes found
Score Distribution
Percent of People with Each Score
Percentile by Number Answered
Your Score History
You have not taken this quiz